瓊美卡隨想錄
| 資料類型: | 圖書 | 書目號: | 47146 |
Leader xxxxxxxxxx 005 __ 20140410104808 010 0_ |a9789865933180|b平裝|dNT$200 100 __ |a20140616d2012 m y0chiy50 e 101 0_ |achi 102 __ |atw 105 __ |aa z 000cy 200 1_ |a瓊美卡隨想錄|f木心著 205 __ |a初版 210 __ |a新北市中和區|cINK印刻文學|d2012[民101] 215 0_ |a215面|c圖|d19公分 225 12 |a木心作品集 681 __ |a855|b4033|v2007年版 700 _0 |a木心|4著 806 __ |aL30|u20140107|xFour corners|831355007033088 681 __ |a855|b872 801 _0 |atw|b內湖高中|c20140616|gCCR |